[Event "Polanica Zdroj op-B 56th"]
[Site "Polanica Zdroj"]
[Date "2020.08.15"]
[Round "1"]
[White "Aleksandrowicz, Marek"]
[Black "Kusnierz, Janusz"]
[Result "1-0"]
[WhiteElo "1858"]
[BlackElo "1439"]
[PlyCount "71"]
[EventDate "2020.08.15"]
[EventType "swiss"]
[EventRounds "9"]
[EventCountry "POL"]
[SourceTitle "CBM 198 Extra"]
[Source "ChessBase"]
[SourceDate "2020.11.30"]
[SourceVersion "1"]
[SourceVersionDate "2020.11.30"]
[SourceQuality "1"]

1. e4 c5 2. Nf3 d6 3. Bb5+ Nc6 4. 0-0 Bd7 5. Re1 Nf6 6. c3 a6 7. Bf1 e6 8. d4 cxd4 9. cxd4 Be7 10. Nc3 0-0 11. e5 dxe5 12. dxe5 Ne8 13. Bf4 b5 14. a4 b4 15. Ne4 Nc7 16. Bc4 Na5 17. Bd3 Nd5 18. Bg5 h6 19. Bxe7 Qxe7 20. Rc1 Rfc8 21. Rxc8+ Bxc8 22. Nd6 Bb7 23. Be4 f5 24. Nxf5 exf5 25. Bxd5+ Kh8 26. Bxb7 Nxb7 27. Qd3 Qe6 28. Qd2 a5 29. Qe2 Nc5 30. Qb5 Ne4 31. Nd4 Qa2 32. Qe2 Qxa4 33. Nxf5 Ng5 34. e6 Re8 35. e7 Qd7 36. Qe5 1-0